Vojenský cintorín v Bodružali

Podrobná bibliografia
Hlavný autor: Burák, Michal, 1978- (Autor)
Médium: Článok
Jazyk:slovenčina
Fyzický popis:Fotogr., obr.
ISSN:1336-0264
Predmet:

MARC

LEADER 00000nab a2200000 a 4500
001 vtls009171482
003 SK-MaSNL
005 20260305040032.0
008 250506c2007 xo mr|p|||||||000 b|slo
015 |a SNBRB2008/01  |2 snkbucl 
035 |a urn:nbn:sk:snk-ab83ch 
035 |a (urnnbn)urn:nbn:sk:snk:ar-0067ah 
035 |a (uuid)2b320308-789f-4111-93ce-8c140b0d72c5 
038 |a SNKBUCL 
040 |a SNKBUCL  |b slo  |c SNKBUCL  |e AACR2 
041 0 |a slo 
044 |a xo  |c SK 
080 |a 718:355  |x (437.6)  |2 2001 
100 1 |a Burák, Michal,  |d 1978-  |4 aut  |9 200914 
245 1 0 |a Vojenský cintorín v Bodružali  |c Michal Burák 
300 |b Fotogr., obr. 
500 |a Architekt: Michal Burák - Architektonické štúdio Atrium, Košice 
650 0 7 |a vojenské cintoríny  |2 snkbucl  |9 74291 
651 7 |a Bodružal (Slovensko)  |2 snkbucl  |9 51676 
651 7 |a Svidník (Slovensko : okres)  |2 snkbucl  |9 28651 
773 0 |t Fórum architektúry  |g Roč. XVII, č. 11 (2007), s. 8-9  |x 1336-0264 
850 |a Slovenská národná knižnica 
852 |a Slovenská národná knižnica 
954 |a odborná, vedecká literatúra pôvodná (slovenská)  |2 lita 
958 |a article9 
958 |a OND 
958 |a SK 
958 |a EUIPO 
999 |c 3336418  |d 3338348